| 000 | 00690nam a22002057a 4500 | ||
|---|---|---|---|
| 999 |
_c11241 _d11241 |
||
| 003 | AR-CdUCM | ||
| 008 | 190403b ||||| |||| 00| 0 spa d | ||
| 040 |
_aMUNICIPALIDAD PROVINCIAL DEL CUSCO _cBIBLIOTECA MUNICIPAL DEL CUSCO |
||
| 082 |
_a869.8 / _bS21 / 1935 |
||
| 100 |
_aSanchez, Luis Alberto _91008 |
||
| 245 | _aPanorama de la literatura actual / | ||
| 260 |
_aChile : _bErcilla, _c1935. |
||
| 300 |
_a211 páginas ; _c23 cm. |
||
| 505 | _aDel realismo a la introspección -- Preludio simbolista -- Exotismo e imperialismo -- Dandismo y futurismo... | ||
| 650 |
_aLiteratura. _983 |
||
| 650 |
_aPoesía. _9139 |
||
| 650 |
_aVerso. _95907 |
||
| 942 |
_2ddc _cLIBROS |
||
| 945 | _awfj | ||